'A' US Cities Quiz Stats

Quiz Updated Apr 17, 2013

Challenge
Share
Tweet
Embed
Score 0/19 Timer 05:00
22 Plays Today
Population City % Correct
420,003Atlanta, Georgia
85.1%
790,390Austin, Texas
84.5%
545,852Albuquerque, New Mexico
61.4%
336,265Anaheim, California
54.8%
195,844Augusta, Georgia
54.8%
291,826Anchorage, Alaska
52.8%
365,438Arlington, Texas
42.8%
207,627Arlington, Virginia
42.8%
199,110Akron, Ohio
38.8%
325,078Aurora, Colorado
36.1%
Population City % Correct
197,899Aurora, Illinois
36.1%
113,934Ann Arbor, Michigan
34.3%
115,452Athens, Georgia
32%
190,695Amarillo, Texas
29.6%
118,032Allentown, Pennsylvania
28.9%
139,966Alexandria, Virginia
26.4%
117,063Abilene, Texas
20.4%
106,433Arvada, Colorado
8.3%
102,372Antioch, California
7.4%

You're not logged in!

Compare scores with friends on all Sporcle quizzes.
Sign Up with Email
OR
Log In

You Might Also Like...

Show Comments

Extras

Top Quizzes Today


Score Distribution

Your Account Isn't Verified!

In order to create a playlist on Sporcle, you need to verify the email address you used during registration. Go to your Sporcle Settings to finish the process.